| 000 | 00603nam a2200205 a 4500 | ||
|---|---|---|---|
| 001 | 13552 | ||
| 003 | CO-ViMGA | ||
| 008 | 141112s2004 ck r 000 u spa d | ||
| 020 | _a9588052181 | ||
| 040 |
_aCO-ViMGA _bspa _cCO-ViMGA |
||
| 082 | 0 | 4 | _a028.35 R615a |
| 100 | 1 |
_aRobledo, Beatriz H. _919757 |
|
| 245 | 1 | 0 | _aAl encuentro del lector |
| 260 |
_aSanta fe de Bogotá : _bMinisterio de Cultura.Biblioteca Nacional, _c1998 |
||
| 300 | _a113p | ||
| 490 | _aManuales y guias, 7 | ||
| 650 | 1 | 4 |
_aBIBLIOTECA - PROMOCION DE LA LECTURA _919758 |
| 650 | 1 | 4 |
_aPROMOCION DE LA LECTURA _91931 |
| 942 |
_2ddc _cBK |
||
| 999 |
_c24277 _d24277 |
||